[Event "World Junior Chess Championship U18 b"]
[Site "Gaziantep"]
[Date "2008.08.08"]
[Round "7.9"]
[White "Brkic, Ante"]
[Black "Le Quang, Liem"]
[Result "1-0"]
[WhiteElo "2530"]
[BlackElo "2577"]
[PlyCount "67"]
[EventDate "2008.08.??"]
[EventType "swiss"]
[EventRounds "13"]
[EventCountry "TUR"]

1. e4 c5 2. Nf3 d6 3. d4 cxd4 4. Qxd4 Nc6 5. Bb5 Bd7 6. Bxc6 Bxc6 7. Nc3 Nf6 8.
Bg5 e6 9. O-O-O Be7 10. Qd3 O-O 11. Nd4 Rc8 12. f4 Qc7 13. h4 Rfd8 14. Kb1 a6
15. f5 Bd7 16. g4 b5 17. Nce2 e5 18. Bxf6 Bxf6 19. g5 Be7 20. Nc3 Bf8 21. Nd5
Qa7 22. Ne2 Rc5 23. h5 b4 24. h6 g6 25. fxg6 hxg6 26. Qf3 f5 27. Qb3 Be6 28.
exf5 gxf5 29. g6 Rxd5 30. Rxd5 Qf2 31. g7 Be7 32. Rxd6 Bxd6 33. Qxe6+ Kh7 34.
Rg1 1-0

[Event "World Junior Chess Championship U18 b"]
[Site "Gaziantep"]
[Date "2008.08.08"]
[Round "7.10"]
[White "So, Wesley"]
[Black "Arun, Prasad Subramanian"]
[Result "1-0"]
[WhiteElo "2577"]
[BlackElo "2492"]
[PlyCount "67"]
[EventDate "2008.08.??"]
[EventType "swiss"]
[EventRounds "13"]
[EventCountry "TUR"]

1. e4 c5 2. Nf3 d6 3. d4 cxd4 4. Nxd4 Nf6 5. Nc3 a6 6. Bg5 e6 7. f4 Nbd7 8. Qf3
Qc7 9. O-O-O b5 10. Bd3 Bb7 11. Rhe1 Qb6 12. Nd5 Qxd4 13. Bxf6 gxf6 14. Bxb5
Qc5 15. Nxf6+ Kd8 16. Nxd7 Qxb5 17. Nxf8 Rxf8 18. Qa3 Ke8 19. Qxd6 Qc6 20. Qd4
Rc8 21. Rd2 Qc7 22. Re3 Rd8 23. Qa4+ Qc6 24. Rxd8+ Kxd8 25. Rd3+ Ke8 26. Qa5
Ke7 27. Qb4+ Ke8 28. f5 Qc7 29. g3 Rg8 30. Rb3 Bc8 31. f6 a5 32. Qb5+ Bd7 33.
Qb8+ Qd8 34. Qa7 1-0

[Event "World Junior Chess Championship U18 b"]
[Site "Gaziantep"]
[Date "2008.08.08"]
[Round "7.11"]
[White "Kravtsiv, Martyn"]
[Black "Stupak, Kirill"]
[Result "1-0"]
[WhiteElo "2555"]
[BlackElo "2458"]
[PlyCount "59"]
[EventDate "2008.08.??"]
[EventType "swiss"]
[EventRounds "13"]
[EventCountry "TUR"]

1. e4 e6 2. d4 d5 3. Nd2 Nf6 4. e5 Nfd7 5. c3 c5 6. Bd3 Nc6 7. Ngf3 Qb6 8. O-O
cxd4 9. cxd4 Nxd4 10. Nxd4 Qxd4 11. Nf3 Qb6 12. Qa4 Qb4 13. Qc2 Qc5 14. Qe2 Qc7
15. Be3 Bc5 16. Rfc1 Qb6 17. Rxc5 Nxc5 18. Qc2 Bd7 19. Bxc5 Qc7 20. Bd6 Qxc2
21. Bxc2 Rc8 22. Bd3 f6 23. Nd4 Kf7 24. f4 f5 25. Kf2 h6 26. Re1 Ba4 27. g4 g6
28. gxf5 gxf5 29. Be2 h5 30. Rg1 1-0

[Event "World Junior Chess Championship U18 b"]
[Site "Gaziantep"]
[Date "2008.08.08"]
[Round "7.12"]
[White "Lin, Chen"]
[Black "Khamrakulov, Dzhurabek"]
[Result "1-0"]
[WhiteElo "2417"]
[BlackElo "2554"]
[PlyCount "53"]
[EventDate "2008.08.??"]
[EventType "swiss"]
[EventRounds "13"]
[EventCountry "TUR"]

1. e4 c5 2. Nf3 d6 3. d4 Nf6 4. Nc3 cxd4 5. Nxd4 a6 6. f4 e5 7. Nf3 Qc7 8. a4
Nbd7 9. Bd3 Be7 10. O-O O-O 11. Kh1 Re8 12. Qe2 b6 13. fxe5 dxe5 14. Bg5 Bb7
15. Nh4 Nc5 16. Nf5 Ne6 17. Nxe7+ Qxe7 18. Bxf6 gxf6 19. Nd5 Bxd5 20. exd5 Ng7
21. Bxa6 Qd6 22. Bb5 Re7 23. Bc6 Rb8 24. c4 f5 25. a5 bxa5 26. Rxa5 f4 27. c5
1-0

[Event "World Junior Chess Championship U18 b"]
[Site "Gaziantep"]
[Date "2008.08.08"]
[Round "7.13"]
[White "Wen, Yang"]
[Black "Sjugirov, Sanan"]
[Result "1/2-1/2"]
[WhiteElo "2487"]
[BlackElo "2545"]
[PlyCount "38"]
[EventDate "2008.08.??"]
[EventType "swiss"]
[EventRounds "13"]
[EventCountry "TUR"]

1. e4 c5 2. Nf3 d6 3. d4 cxd4 4. Nxd4 Nf6 5. Nc3 a6 6. Be3 e5 7. Nb3 Be6 8. h3
Be7 9. Qf3 h5 10. O-O-O Nbd7 11. Kb1 Qc7 12. Nd5 Bxd5 13. exd5 Rc8 14. c3 Nb6
15. Be2 h4 16. g3 Nbxd5 17. Rxd5 e4 18. Qf5 g6 19. Qg5 Nh5 1/2-1/2

[Event "World Junior Chess Championship U18 b"]
[Site "Gaziantep"]
[Date "2008.08.08"]
[Round "7.14"]
[White "Sanikidze, Tornike"]
[Black "Leon Hoyos, Manuel"]
[Result "1-0"]
[WhiteElo "2486"]
[BlackElo "2543"]
[PlyCount "129"]
[EventDate "2008.08.??"]
[EventType "swiss"]
[EventRounds "13"]
[EventCountry "TUR"]

1. d4 Nf6 2. c4 e6 3. Nf3 c5 4. d5 d6 5. h3 g6 6. Nc3 exd5 7. cxd5 Bg7 8. e4 a6
9. a4 Nbd7 10. Bd3 Nh5 11. O-O Ne5 12. Be2 Nxf3+ 13. Bxf3 Qh4 14. Bg4 Be5 15.
Bxc8 Rxc8 16. Qg4 Qxg4 17. hxg4 Nf6 18. f3 Bd4+ 19. Kh2 Nd7 20. Bh6 Ne5 21. Ne2
Kd7 22. Rab1 Rhg8 23. Bc1 g5 24. Kg3 f6 25. Rd1 Ng6 26. Nxd4 cxd4 27. Rxd4 Rc2
28. Bd2 Rgc8 29. Kf2 Ne5 30. Ke2 h6 31. Kd1 R8c7 32. Ba5 R7c5 33. Rd2 Rxd2+ 34.
Bxd2 Ng6 35. Ke2 Rc2 36. Kd3 Rc8 37. Ke2 Rc2 38. Kd1 Rc8 39. Bc3 Nh4 40. Bxf6
Nxg2 41. Bc3 Rf8 42. Ke2 Nf4+ 43. Kf2 Ng6 44. Kg3 Ne5 45. Rf1 Rf7 46. f4 Nd3
47. f5 Nc5 48. Kf3 Re7 49. e5 dxe5 50. Bb4 b6 51. Bxc5 bxc5 52. Ke4 Ke8 53. Rh1
Rb7 54. Rxh6 Rxb2 55. Kxe5 Re2+ 56. Kf6 Re4 57. Kxg5 Rxa4 58. Rc6 Rc4 59. f6 a5
60. d6 Rd4 61. Rc8+ Kf7 62. Rc7+ Ke8 63. f7+ Kf8 64. d7 Kg7 65. Rc8 1-0

[Event "World Junior Chess Championship U18 b"]
[Site "Gaziantep"]
[Date "2008.08.08"]
[Round "7.15"]
[White "Mamedov, Rauf"]
[Black "Swiercz, Dariusz"]
[Result "1-0"]
[WhiteElo "2627"]
[BlackElo "2456"]
[PlyCount "115"]
[EventDate "2008.08.??"]
[EventType "swiss"]
[EventRounds "13"]
[EventCountry "TUR"]

1. e4 c5 2. Nf3 d6 3. d4 cxd4 4. Nxd4 Nf6 5. Nc3 a6 6. Bg5 e6 7. f4 Qc7 8. Qe2
b5 9. O-O-O b4 10. Nb1 Nbd7 11. g3 Bb7 12. Bg2 Be7 13. Rhe1 h6 14. Bxf6 Bxf6
15. Qd2 Rb8 16. Nb3 Be7 17. Qxb4 O-O 18. Qc3 Qb6 19. Qa5 Qa7 20. Nc3 Rfc8 21.
Bh3 Nc5 22. f5 Nxb3+ 23. axb3 Rc5 24. Qa3 Bc8 25. fxe6 fxe6 26. Bf1 Qc7 27. Qa4
Bd7 28. Qd4 Re5 29. Bc4 a5 30. Rf1 Qb6 31. Rf5 Qxd4 32. Rxd4 Bc8 33. Rxe5 dxe5
34. Rd3 Rb6 35. Na4 Rc6 36. Bb5 Rd6 37. Rxd6 Bxd6 38. c4 Kf7 39. c5 Bc7 40. Kc2
Ke7 41. Kd3 Bb7 42. Nc3 Kf6 43. Kc4 Kg5 44. b4 axb4 45. Kxb4 Kg4 46. Bd7 Kh3
47. Bxe6+ Kxh2 48. g4 g6 49. Kb5 h5 50. gxh5 gxh5 51. c6 Ba8 52. Nd5 Bd8 53.
Kc5 Kg3 54. b4 Kf3 55. Bf5 h4 56. b5 h3 57. Bxh3 Kxe4 58. c7 1-0

[Event "World Junior Chess Championship U18 b"]
[Site "Gaziantep"]
[Date "2008.08.08"]
[Round "7.17"]
[White "Lenic, Luka"]
[Black "Tomczak, Jacek"]
[Result "1/2-1/2"]
[WhiteElo "2584"]
[BlackElo "2451"]
[PlyCount "133"]
[EventDate "2008.08.??"]
[EventType "swiss"]
[EventRounds "13"]
[EventCountry "TUR"]

1. d4 Nf6 2. c4 g6 3. Nc3 d5 4. Nf3 Bg7 5. Bg5 Ne4 6. cxd5 Nxg5 7. Nxg5 e6 8.
Qd2 h6 9. Nh3 exd5 10. Nf4 O-O 11. Rd1 Nc6 12. e3 Ne7 13. Be2 c6 14. O-O Nf5
15. b4 a6 16. a4 Nd6 17. Ra1 Bf5 18. b5 axb5 19. axb5 Qe7 20. Ra2 Rfb8 21. Rfa1
Qd8 22. h3 Bf8 23. Ra4 Rxa4 24. Rxa4 Ra8 25. Qa2 Rxa4 26. Qxa4 Qc7 27. g4 Bd7
28. Kg2 Be7 29. Qc2 Qa5 30. Bd3 Be8 31. bxc6 bxc6 32. Nce2 Qd8 33. Ng1 Bf6 34.
Nf3 Qe7 35. Nd2 Bg5 36. Nb3 Kg7 37. Ne2 Qa7 38. Ng1 Bf6 39. Nf3 Qe7 40. Qc5 Qc7
41. Ne5 Nb7 42. Qa7 Qe7 43. Ba6 Nd8 44. Qxe7 Bxe7 45. Bc8 Bd6 46. f4 Kf6 47.
Kf3 Ke7 48. Nc5 Bxc5 49. dxc5 f6 50. Nd3 Bd7 51. Ba6 Ne6 52. e4 Nd4+ 53. Ke3
Nc2+ 54. Kd2 dxe4 55. Kxc2 exd3+ 56. Bxd3 g5 57. f5 Kd8 58. Kc3 Kc7 59. Kb4 Kb8
60. Ba6 Ka7 61. Ka5 Be8 62. Bc8 Kb8 63. Be6 Ka7 64. Bg8 Bd7 65. Bf7 Bc8 66. Be8
Bb7 67. Bd7 1/2-1/2

[Event "World Junior Chess Championship U18 b"]
[Site "Gaziantep"]
[Date "2008.08.08"]
[Round "7.18"]
[White "Potapov, Pavel"]
[Black "Geetha, Narayanan Gopal"]
[Result "1/2-1/2"]
[WhiteElo "2418"]
[BlackElo "2572"]
[PlyCount "71"]
[EventDate "2008.08.??"]
[EventType "swiss"]
[EventRounds "13"]
[EventCountry "TUR"]

1. e4 c5 2. c3 g6 3. Nf3 Bg7 4. d4 cxd4 5. cxd4 d5 6. e5 Nc6 7. Nc3 Nh6 8. Bb5
O-O 9. O-O Bg4 10. Bxc6 bxc6 11. h3 Bxf3 12. Qxf3 Nf5 13. Rd1 f6 14. e6 Nd6 15.
Bf4 f5 16. Rac1 Ne4 17. Qe3 Rc8 18. f3 g5 19. Bxg5 Nxg5 20. Qxg5 f4 21. Na4 Qd6
22. Nc5 Rf6 23. Kh1 Kh8 24. Qe5 Rh6 25. Qxd6 exd6 26. Na6 Rxe6 27. Nb4 Re2 28.
Nxc6 Rxb2 29. a4 Bf6 30. a5 Ra2 31. Re1 Rg8 32. Re6 Rgxg2 33. Rxf6 Rh2+ 34. Kg1
Rag2+ 35. Kf1 Rf2+ 36. Kg1 1/2-1/2

[Event "World Junior Chess Championship U18 b"]
[Site "Gaziantep"]
[Date "2008.08.08"]
[Round "7.19"]
[White "Amin, Bassem"]
[Black "Rombaldoni, Denis"]
[Result "1-0"]
[WhiteElo "2561"]
[BlackElo "2418"]
[PlyCount "73"]
[EventDate "2008.08.??"]
[EventType "swiss"]
[EventRounds "13"]
[EventCountry "TUR"]

1. f4 d5 2. e3 g6 3. Nf3 Bg7 4. Be2 Nf6 5. O-O O-O 6. d3 b6 7. Qe1 c5 8. Nbd2
Nc6 9. c3 Ng4 10. Nb3 a5 11. a4 f5 12. e4 e6 13. e5 Nh6 14. Be3 Nf7 15. d4 c4
16. Nbd2 Ba6 17. h3 Qc7 18. g4 b5 19. axb5 Bxb5 20. gxf5 gxf5 21. Kh2 Kh8 22.
Rg1 Bh6 23. b3 Rg8 24. Qh4 Qe7 25. Rxg8+ Kxg8 26. Qh5 Rb8 27. bxc4 Ba6 28. Rg1+
Kf8 29. Ng5 Bxg5 30. Qxh7 Bxc4 31. Rxg5 Ke8 32. Bh5 a4 33. Bxf7+ Qxf7 34. Rg8+
Ke7 35. Rg7 Nd8 36. Nxc4 dxc4 37. d5 1-0

[Event "World Junior Chess Championship U18 b"]
[Site "Gaziantep"]
[Date "2008.08.08"]
[Round "7.20"]
[White "Iturrizaga, Bonelli Eduardo Pat"]
[Black "Lortkipanidze, Nodar"]
[Result "1-0"]
[WhiteElo "2561"]
[BlackElo "2080"]
[PlyCount "57"]
[EventDate "2008.08.??"]
[EventType "swiss"]
[EventRounds "13"]
[EventCountry "TUR"]

1. Nf3 d6 2. d4 Nf6 3. g3 c6 4. Bg2 Qc7 5. c4 e5 6. Nc3 Nbd7 7. O-O Be7 8. Qc2
O-O 9. b3 Re8 10. Bb2 Bf8 11. e4 a6 12. h3 Rb8 13. Rad1 b5 14. c5 exd4 15. cxd6
Bxd6 16. Nxd4 Bf8 17. Nd5 Nxd5 18. Nxc6 Bb7 19. exd5 Rbc8 20. Be4 g6 21. Bg2 f6
22. Rfe1 Bd6 23. Qd2 Ba8 24. Rxe8+ Rxe8 25. Re1 Rxe1+ 26. Qxe1 Bxc6 27. Qe6+
Kg7 28. dxc6 Ne5 29. f4 1-0

[Event "World Junior Chess Championship U18 b"]
[Site "Gaziantep"]
[Date "2008.08.08"]
[Round "7.21"]
[White "Ragger, Markus"]
[Black "Benidze, Davit"]
[Result "1-0"]
[WhiteElo "2527"]
[BlackElo "2389"]
[PlyCount "47"]
[EventDate "2008.08.??"]
[EventType "swiss"]
[EventRounds "13"]
[EventCountry "TUR"]

1. e4 c5 2. Nf3 d6 3. d4 cxd4 4. Nxd4 Nf6 5. Nc3 Nc6 6. Bg5 e6 7. Qd2 a6 8.
O-O-O h6 9. Be3 Bd7 10. f3 b5 11. g4 Rc8 12. Kb1 Na5 13. a3 Nc4 14. Bxc4 Rxc4
15. h4 Qb8 16. Nb3 b4 17. axb4 Rxb4 18. g5 Nh5 19. Bc5 Rb6 20. Bxb6 Qxb6 21. f4
Be7 22. f5 O-O 23. Rhg1 Kh7 24. e5 1-0

[Event "World Junior Chess Championship U18 b"]
[Site "Gaziantep"]
[Date "2008.08.08"]
[Round "7.22"]
[White "Kalashian, David"]
[Black "Papadopoulos, Ioannis"]
[Result "1-0"]
[WhiteElo "2432"]
[BlackElo "2490"]
[PlyCount "79"]
[EventDate "2008.08.??"]
[EventType "swiss"]
[EventRounds "13"]
[EventCountry "TUR"]

1. e4 c5 2. Nc3 a6 3. Nf3 d6 4. d4 cxd4 5. Nxd4 Nf6 6. Be2 e5 7. Nb3 Be7 8. O-O
O-O 9. Be3 Be6 10. a4 Nbd7 11. Qd2 Rc8 12. f3 Nb6 13. a5 Nc4 14. Bxc4 Rxc4 15.
Rfd1 Qc7 16. Bb6 Qc6 17. Rac1 Nd7 18. Be3 f5 19. exf5 Rxf5 20. Nd5 Bf8 21. Bf2
Rf7 22. Ne3 Ra4 23. Nd5 Nf6 24. Nb6 Rf4 25. Qe2 Nd5 26. Bg3 R4f6 27. Nxd5 Bxd5
28. c4 Be6 29. Nd2 Rg6 30. Ne4 Bf5 31. b4 Be7 32. b5 Qc7 33. Kh1 axb5 34. a6
Bxe4 35. cxb5 Qb6 36. Bf2 Qa5 37. Ra1 Qb4 38. a7 Rxg2 39. a8=Q+ Bf8 40. Qaa2
1-0

[Event "World Junior Chess Championship U18 b"]
[Site "Gaziantep"]
[Date "2008.08.08"]
[Round "7.23"]
[White "Nechepurenko, Roman"]
[Black "Toufighi, Tamijani Homayoon"]
[Result "1-0"]
[WhiteElo "2476"]
[BlackElo "2425"]
[PlyCount "79"]
[EventDate "2008.08.??"]
[EventType "swiss"]
[EventRounds "13"]
[EventCountry "TUR"]

1. d4 e6 2. c4 Nf6 3. Nc3 Bb4 4. Qc2 O-O 5. a3 Bxc3+ 6. Qxc3 b6 7. Nf3 Bb7 8.
e3 Ne4 9. Qc2 d6 10. Be2 Nd7 11. b4 a5 12. Bb2 f5 13. O-O Ndf6 14. Rad1 Qe8 15.
b5 Qg6 16. Bc1 Rae8 17. Ne1 Ng5 18. f3 h5 19. c5 Bd5 20. Nd3 e5 21. dxe5 dxe5
22. Bb2 f4 23. e4 Nfxe4 24. Nf2 c6 25. bxc6 Bxc6 26. Nxe4 Bxe4 27. fxe4 f3 28.
Qb3+ Kh7 29. Bxf3 bxc5 30. Qe3 Rf4 31. Bc1 Nxf3+ 32. Rxf3 Rxe4 33. Qxc5 Rg4 34.
Qf2 Rc8 35. Rg3 Rxg3 36. Qxg3 Qxg3 37. hxg3 Rc3 38. Kh2 Kg6 39. Bb2 Rb3 40.
Bxe5 1-0

[Event "World Junior Chess Championship U18 b"]
[Site "Gaziantep"]
[Date "2008.08.08"]
[Round "7.24"]
[White "Rzayev, Bahruz"]
[Black "Borus, Denes"]
[Result "1/2-1/2"]
[WhiteElo "2245"]
[BlackElo "2472"]
[PlyCount "44"]
[EventDate "2008.08.??"]
[EventType "swiss"]
[EventRounds "13"]
[EventCountry "TUR"]

1. e4 c5 2. Nc3 e6 3. f4 Nc6 4. Nf3 Nge7 5. g3 d5 6. d3 g6 7. Bg2 Bg7 8. O-O
O-O 9. h3 Rb8 10. Kh2 b5 11. g4 f5 12. e5 d4 13. Ne2 Nd5 14. a3 fxg4 15. hxg4
Ne3 16. Bxe3 dxe3 17. g5 Ne7 18. Qe1 Bb7 19. Bh3 Qb6 20. Qg3 Rbd8 21. Bg4 c4
22. d4 Be4 1/2-1/2

[Event "World Junior Chess Championship U18 b"]
[Site "Gaziantep"]
[Date "2008.08.08"]
[Round "7.25"]
[White "Kulakov, Viacheslav"]
[Black "Sengupta, Deep"]
[Result "0-1"]
[WhiteElo "2360"]
[BlackElo "2454"]
[PlyCount "90"]
[EventDate "2008.08.??"]
[EventType "swiss"]
[EventRounds "13"]
[EventCountry "TUR"]

1. d4 e6 2. Nf3 d5 3. Bf4 Nf6 4. e3 Bd6 5. Bxd6 Qxd6 6. Nbd2 Nbd7 7. Bd3 e5 8.
dxe5 Nxe5 9. Nxe5 Qxe5 10. c3 Bd7 11. Qc2 O-O-O 12. O-O-O c5 13. c4 Kb8 14.
cxd5 Qxd5 15. Qc4 Qxg2 16. Qf4+ Ka8 17. Rhg1 Qc6 18. Ne4 Nd5 19. Qxf7 Be6 20.
Qxg7 Nb4 21. Bb1 Nxa2+ 22. Bxa2 Bxa2 23. Rxd8+ Rxd8 24. Rd1 Rb8 25. Nd2 Bg8 26.
f4 a6 27. f5 Rd8 28. Qc3 c4 29. Rg1 Bf7 30. e4 Rd3 31. Qc2 Re3 32. Kb1 c3 33.
Nb3 Rxe4 34. bxc3 Re5 35. Nd4 Qb6+ 36. Kc1 Ra5 37. Qb2 Rb5 38. Qc2 Ra5 39. Qb2
Rb5 40. Qc2 Qh6+ 41. Kd1 Qe3 42. Rg2 Bh5+ 43. Ne2 Bxe2+ 44. Qxe2 Rb1+ 45. Kc2
Rc1+ 0-1

[Event "World Junior Chess Championship U18 b"]
[Site "Gaziantep"]
[Date "2008.08.08"]
[Round "7.26"]
[White "Pruijssers, Roeland"]
[Black "Vishnu, Prasanna Vasanthan"]
[Result "1-0"]
[WhiteElo "2452"]
[BlackElo "2341"]
[PlyCount "75"]
[EventDate "2008.08.??"]
[EventType "swiss"]
[EventRounds "13"]
[EventCountry "TUR"]

1. e4 c5 2. Nf3 d6 3. d4 cxd4 4. Nxd4 Nf6 5. Nc3 a6 6. f3 e5 7. Nb3 Be6 8. Be3
Nbd7 9. Qd2 b5 10. a4 b4 11. Nd5 Bxd5 12. exd5 Nb6 13. Bxb6 Qxb6 14. a5 Qb7 15.
Bc4 Be7 16. Ra4 Rb8 17. Nc1 Bd8 18. b3 O-O 19. Na2 Nd7 20. Kd1 e4 21. Rxb4 Qa7
22. Rxb8 Qxb8 23. fxe4 Nf6 24. Re1 Qc8 25. Bd3 Qg4+ 26. Re2 Re8 27. Qb4 Qf4 28.
g3 Qe5 29. c3 Ng4 30. Kc2 Bg5 31. Qd4 Qe7 32. Nb4 Bh6 33. h4 g6 34. Nc6 Qd7 35.
Bxa6 f5 36. Bd3 fxe4 37. Rxe4 Ne3+ 38. Kb1 1-0

[Event "World Junior Chess Championship U18 b"]
[Site "Gaziantep"]
[Date "2008.08.08"]
[Round "7.27"]
[White "Georgescu, Tiberiu"]
[Black "Neimer, Vitaly"]
[Result "1/2-1/2"]
[WhiteElo "2442"]
[BlackElo "2316"]
[PlyCount "80"]
[EventDate "2008.08.??"]
[EventType "swiss"]
[EventRounds "13"]
[EventCountry "TUR"]

1. d4 Nf6 2. Nf3 e6 3. c4 b6 4. g3 Ba6 5. b3 Bb4+ 6. Bd2 Be7 7. Bg2 c6 8. Bc3
d5 9. Ne5 Nfd7 10. Nxd7 Nxd7 11. Nd2 O-O 12. O-O b5 13. Re1 Rc8 14. e4 dxc4 15.
bxc4 bxc4 16. Rc1 Ba3 17. Rb1 Nb6 18. Re3 Re8 19. Qh5 Bb5 20. g4 Na4 21. Rh3 h6
22. Ba1 Bf8 23. Rf3 g6 24. Qe5 Bd6 25. Qf6 Qxf6 26. Rxf6 c3 27. Nb3 Be2 28. Re1
Bxg4 29. h3 Bh5 30. e5 Be7 31. Rf4 Bg5 32. Rfe4 Bd2 33. Rf1 g5 34. d5 cxd5 35.
Rxa4 Be2 36. Rc1 Bxc1 37. Nxc1 c2 38. Bd4 Bb5 39. Rxa7 Rc4 40. Be3 d4 1/2-1/2

[Event "World Junior Chess Championship U18 b"]
[Site "Gaziantep"]
[Date "2008.08.08"]
[Round "7.28"]
[White "Abdulov, Orkhan"]
[Black "Ashwin, Jayaram"]
[Result "0-1"]
[WhiteElo "2318"]
[BlackElo "2436"]
[PlyCount "98"]
[EventDate "2008.08.??"]
[EventType "swiss"]
[EventRounds "13"]
[EventCountry "TUR"]

1. e4 c5 2. Nf3 e6 3. d4 cxd4 4. Nxd4 Nc6 5. Nc3 Qc7 6. Be3 a6 7. Be2 Nf6 8.
O-O Be7 9. f4 d6 10. Kh1 O-O 11. Qe1 Nxd4 12. Bxd4 b5 13. a3 Bb7 14. Qg3 Rad8
15. Rae1 Rd7 16. Bd3 Re8 17. e5 dxe5 18. Bxe5 Qd8 19. f5 Bd6 20. Qh3 Bxe5 21.
Rxe5 exf5 22. Rexf5 Ne4 23. R5f4 Ng5 24. Qg3 Ne6 25. Rh4 g6 26. Rh5 Ng7 27. Rh4
Rde7 28. Qf2 Qd7 29. a4 Bc6 30. axb5 axb5 31. Rf4 f5 32. Rd4 Qb7 33. Rb4 Re5
34. Kg1 Qe7 35. Rh4 Ne6 36. Rh3 Nc5 37. Bxb5 Bxb5 38. Nxb5 Ne4 39. Qd4 Rxb5 40.
Qc4+ Kf8 41. Qxb5 Qa7+ 42. Kh1 Nf2+ 43. Rxf2 Qxf2 44. Qb4+ Re7 45. Qxe7+ Kxe7
46. Rxh7+ Kf6 47. h3 Qf1+ 48. Kh2 Qf4+ 49. Kh1 Qc1+ 0-1

[Event "World Junior Chess Championship U18 b"]
[Site "Gaziantep"]
[Date "2008.08.08"]
[Round "7.29"]
[White "Mijovic, Stefan"]
[Black "Ronchetti, Niccolo"]
[Result "1/2-1/2"]
[WhiteElo "2289"]
[BlackElo "2434"]
[PlyCount "37"]
[EventDate "2008.08.??"]
[EventType "swiss"]
[EventRounds "13"]
[EventCountry "TUR"]

1. e4 c5 2. Nf3 Nc6 3. d4 cxd4 4. Nxd4 Nf6 5. Nc3 e5 6. Ndb5 d6 7. Bg5 a6 8.
Na3 b5 9. Nd5 Be7 10. Bxf6 Bxf6 11. c3 O-O 12. Nc2 Rb8 13. h4 Be6 14. Nce3 Be7
15. Bd3 Qd7 16. Qe2 Qb7 17. g3 Bd8 18. O-O Ne7 19. Nxe7+ 1/2-1/2

[Event "World Junior Chess Championship U18 b"]
[Site "Gaziantep"]
[Date "2008.08.08"]
[Round "7.30"]
[White "Durarbeyli, Vasif"]
[Black "Dragicevic, Drazen"]
[Result "0-1"]
[WhiteElo "2413"]
[BlackElo "2302"]
[PlyCount "92"]
[EventDate "2008.08.??"]
[EventType "swiss"]
[EventRounds "13"]
[EventCountry "TUR"]

1. e4 c5 2. Nf3 Nc6 3. Nc3 Nf6 4. Bb5 Qc7 5. d3 Nd4 6. Be3 Nxb5 7. Nxb5 Qc6 8.
a4 d6 9. O-O e5 10. Nd2 Be7 11. Bg5 O-O 12. Nc4 Rd8 13. Ne3 Be6 14. c4 h6 15.
Bxf6 Bxf6 16. g3 Qd7 17. Kh1 Bh3 18. Rg1 Be6 19. f4 exf4 20. gxf4 a6 21. Nc3
Bd4 22. Qf3 f5 23. exf5 Bxf5 24. Nxf5 Qxf5 25. Nd5 Kh8 26. Rg2 Rab8 27. Re1 Re8
28. Rge2 Qf7 29. b3 Rxe2 30. Rxe2 b5 31. Ne7 bxa4 32. bxa4 Rb1+ 33. Kg2 Rg1+
34. Kh3 g5 35. f5 g4+ 36. Qxg4 Rxg4 37. Kxg4 h5+ 38. Kf3 Bf6 39. Nd5 Be5 40.
Ke4 Qg7 41. h3 Qg1 42. Re3 Qh1+ 43. Rf3 Qe1+ 44. Ne3 Bd4 45. f6 Kg8 46. Kf4
Qh4+ 0-1

[Event "World Junior Chess Championship U18 b"]
[Site "Gaziantep"]
[Date "2008.08.08"]
[Round "7.31"]
[White "Constantinou, Peter"]
[Black "Caspi, Israel"]
[Result "1-0"]
[WhiteElo "2225"]
[BlackElo "2412"]
[PlyCount "87"]
[EventDate "2008.08.??"]
[EventType "swiss"]
[EventRounds "13"]
[EventCountry "TUR"]

1. d4 Nf6 2. Bf4 d6 3. Nf3 g6 4. e3 Nh5 5. Bg5 h6 6. Bh4 Bg7 7. Be2 g5 8. Bg3
Nd7 9. c3 e6 10. a4 Qe7 11. Nfd2 Nxg3 12. hxg3 d5 13. a5 c6 14. g4 O-O 15. Nf1
f5 16. Ng3 Nf6 17. gxf5 exf5 18. O-O Re8 19. Bd3 Ne4 20. Nh5 Bf8 21. Nd2 Qf7
22. Be2 Bd6 23. g3 Be6 24. Kg2 Re7 25. Rh1 Rf8 26. Qc1 f4 27. exf4 gxf4 28.
Nxe4 dxe4 29. Nxf4 Qg7 30. Rh4 e3 31. fxe3 Bxf4 32. Rxf4 Rxf4 33. exf4 h5 34.
Kf2 Bd5 35. Bxh5 Qh6 36. Qd1 Rh7 37. Qg4+ Kh8 38. Qc8+ Kg7 39. Qc7+ Kg8 40.
Qb8+ Kg7 41. g4 Bf7 42. Qe5+ Kf8 43. Rh1 Bd5 44. g5 1-0

[Event "World Junior Chess Championship U18 b"]
[Site "Gaziantep"]
[Date "2008.08.08"]
[Round "7.33"]
[White "Kore, Akshayraj"]
[Black "Haridas, Pascua"]
[Result "0-1"]
[WhiteElo "2392"]
[BlackElo "2174"]
[PlyCount "78"]
[EventDate "2008.08.??"]
[EventType "swiss"]
[EventRounds "13"]
[EventCountry "TUR"]

1. d4 Nf6 2. g3 g6 3. Bg2 d5 4. c4 Bg7 5. cxd5 Nxd5 6. e4 Nb4 7. Ne2 Bxd4 8.
O-O c5 9. Nxd4 Qxd4 10. Bd2 O-O 11. a3 N4c6 12. Qc1 Qd6 13. b4 cxb4 14. axb4
Nd4 15. Qb2 Nbc6 16. b5 Ne5 17. Bc3 Nc4 18. Qa2 Qc5 19. Na3 Be6 20. Bxd4 Qxd4
21. Rfd1 Qc5 22. Rdc1 Rfc8 23. Qe2 Qe5 24. Nc2 Nd6 25. Rcb1 f5 26. b6 axb6 27.
Rxa8 Rxa8 28. Qe3 fxe4 29. Qxb6 Qa5 30. Qd4 Qd5 31. Qe3 Qd3 32. Qxd3 exd3 33.
Nb4 Bc4 34. Rd1 Ra3 35. Bd5+ Bxd5 36. Nxd5 e5 37. f3 Rb3 38. Kf2 Kf7 39. Ke3
Nc4+ 0-1

[Event "World Junior Chess Championship U18 b"]
[Site "Gaziantep"]
[Date "2008.08.08"]
[Round "7.34"]
[White "Narmontas, Matas"]
[Black "Sirin, Atakan"]
[Result "0-1"]
[WhiteElo "2369"]
[BlackElo "2107"]
[PlyCount "156"]
[EventDate "2008.08.??"]
[EventType "swiss"]
[EventRounds "13"]
[EventCountry "TUR"]

1. e4 c5 2. Nf3 d6 3. d4 cxd4 4. Nxd4 Nf6 5. Nc3 g6 6. Be3 Bg7 7. f3 O-O 8. Qd2
Nc6 9. Bc4 Bd7 10. O-O-O Ne5 11. Bb3 Qa5 12. Kb1 Rfc8 13. g4 b5 14. g5 Nh5 15.
Ncxb5 Qxd2 16. Rxd2 Rab8 17. Nc3 a5 18. a4 Nc4 19. Bxc4 Rxc4 20. Nce2 Bxa4 21.
c3 Bd7 22. Ka1 Bc8 23. Nc2 Ba6 24. Bd4 Ra4+ 25. Kb1 Bxe2 26. Rxe2 Nf4 27. Rd2
Ne6 28. Bxg7 Kxg7 29. h4 Rc4 30. Ka2 h6 31. gxh6+ Kxh6 32. h5 gxh5 33. Ne3 Ra4+
34. Kb1 Ng7 35. Rg2 Ra3 36. Rhg1 Rxc3 37. Nd1 Rd3 38. Kc2 Rxd1 39. Kxd1 Ne6 40.
Kc2 Nd4+ 41. Kb1 Nxf3 42. Rf1 Ne5 43. Rf5 Rb4 44. Rh2 Rxe4 45. Rhxh5+ Kg7 46.
Rfg5+ Kf6 47. Rg8 a4 48. Ra8 Nd3 49. Rh3 Nc5 50. Rh5 Ke6 51. Rf8 f6 52. Rh7 Kf5
53. Rff7 e5 54. Rh6 Re1+ 55. Kc2 Ne4 56. Ra7 Re2+ 57. Kc1 Kg5 58. Rh1 Nf2 59.
Rg1+ Kf5 60. Rb7 Nd3+ 61. Kb1 Ke6 62. Rg8 f5 63. Rg6+ Kd5 64. Rb6 Kc5 65. Rgxd6
Nb4 66. Kc1 e4 67. Rf6 e3 68. Rxb4 Kxb4 69. Rxf5 Kc4 70. Rf8 Rf2 71. Re8 Kd3
72. Rd8+ Ke2 73. Re8 Rf4 74. Rh8 Rc4+ 75. Kb1 Kd3 76. Rh3 Kd2 77. Rh7 e2 78.
Rd7+ Ke3 0-1